Science of graminoids (Record no. 32946)

MARC details
000 -LEADER
fixed length control field 00439nam a2200169Ia 4500
008 - FIXED-LENGTH DATA ELEMENTS--GENERAL INFORMATION
fixed length control field 230917s9999||||xx |||||||||||||| ||und||
020 ## - ISBN
Price RS650
040 ## - CATALOGING SOURCE
-- 211299
Original cataloging agency VIVEKANANDA LIBRARY
041 ## - Language
-- English
082 ## - DDC NUMBER
Classification number 584.9 S69S
100 ## - MAIN ENTRY--PERSONAL NAME
Personal name Shivanna, H
245 #0 - TITLE STATEMENT
Title Science of graminoids
260 ## - PUBLICATION, DISTRIBUTION, ETC. (IMPRINT)
Place of publication, distribution, etc New Delhi
Name of publisher, distributor, etc Discovery Publishing House
Date of publication, distribution, etc 2013
300 ## - PHYSICAL DESCRIPTION
Pages 194 p.
500 ## - GENERAL NOTE
General note 3633 21/10/2013 13414 29/10/2013 Main Budget
942 ## - ADDED ENTRY ELEMENTS (KOHA)
Koha item type Books
Holdings
Withdrawn status Lost status Damaged status Not for loan Location (home branch) Sublocation or collection (holding branch) Date acquired Koha issues (times borrowed) Koha full call number Accession No. Koha date last seen Koha item type
        VIVEKANANDA LIBRARY VIVEKANANDA LIBRARY 21/11/2013   584.9 S69S 329050 17/09/2023 Books
© Designed and Maintained by Vivekananda Library, MDU Rohtak